Living in Dacca (Record no. 502791)

MARC details
000 -LEADER
fixed length control field 00788nam a2200253Ia 4500
003 - CONTROL NUMBER IDENTIFIER
control field OSt
005 - DATE AND TIME OF LATEST TRANSACTION
control field 20220925182648.0
008 - FIXED-LENGTH DATA ELEMENTS--GENERAL INFORMATION
fixed length control field 220923b |||||||| |||| 00| 0 eng d
037 ## - SOURCE OF ACQUISITION
Terms of availability General Book
040 ## - CATALOGING SOURCE
Original cataloging agency RTL
Transcribing agency RTL
Language of cataloging eng
041 ## - LANGUAGE CODE
Source of code eng
Language code of text/sound track or separate title eng
100 ## - MAIN ENTRY--PERSONAL NAME
Personal name Dunham Mary Frances
9 (RLIN) 256994
245 #0 - TITLE STATEMENT
Title Living in Dacca
260 ## - PUBLICATION, DISTRIBUTION, ETC.
Place of publication, distribution, etc. Dacca
Name of publisher, distributor, etc. The Editors
Date of publication, distribution, etc. 1965
300 ## - PHYSICAL DESCRIPTION
Extent 185p.
Dimensions cm.
500 ## - GENERAL NOTE
General note Bibliography :P 156-166; Glossary: P 167-177
650 ## - SUBJECT ADDED ENTRY--TOPICAL TERM
Topical term or geographic name entry element Standard of Living Economics
700 ## - ADDED ENTRY--PERSONAL NAME
Personal name Rutherford Dorothy Angell Ed.
9 (RLIN) 256995
942 ## - ADDED ENTRY ELEMENTS (KOHA)
Classification part X:16.44Q7222.N6, K5
Koha item type General Books
Source of classification or shelving scheme Colon Classification (CC)
Holdings
Withdrawn status Lost status Damaged status Not for loan Home library Current library Date acquired Total Checkouts Full call number Barcode Date last seen Price effective from Koha item type
        Ratan Tata Library Ratan Tata Library 2022-09-25   X:16.44Q7222.N6 K5 RT0056805 2022-09-25 2022-09-25 General Books
Copyright @ Delhi University Library System